000 00378nam a2200145Ia 4500
008 230711s9999||||xx |||||||||||||| ||und||
041 _aENG
082 _a4
_bVO-L
100 _aValkenburg,M. E. Van
245 0 _aLinear circuits
250 _a2nd . . . Ed.
260 _c1989
_aNew Delhi
_bPrentice-Hall of India Private Limited
650 _aElectronics Engineering
942 _cBK
999 _c107
_d107